Skončenie pracovného pomeru a jeho späťvzatie
Zákonník práce upravuje niekoľko spôsobov skončenia pracovného pomeru. V príspevku sa autorka zameria na aplikáciu jednotlivých spôsobov v praxi, ako aj na možnosť zvrátenia skončenia pracovného pomeru formou späťvzatia.
Salvato in:
| Autore principale: | |
|---|---|
| Natura: | Capitolo di libro |
| Lingua: | slovacco |
| Soggetti: | |
| Tags: |
Nessun Tag, puoi essere il primo ad aggiungerne!!
|
MARC
| LEADER | 00000naa a2200000 4500 | ||
|---|---|---|---|
| 001 | 0303336 | ||
| 005 | 20240802075553.6 | ||
| 041 | 0 | |a slo | |
| 044 | |a SK | ||
| 245 | 1 | 0 | |a Skončenie pracovného pomeru a jeho späťvzatie |c Tatiana Mičudová |
| 520 | |a Zákonník práce upravuje niekoľko spôsobov skončenia pracovného pomeru. V príspevku sa autorka zameria na aplikáciu jednotlivých spôsobov v praxi, ako aj na možnosť zvrátenia skončenia pracovného pomeru formou späťvzatia. | ||
| 610 | 2 | 0 | |a skončenie pomeru pracovného |
| 610 | 2 | 0 | |a zákonník práce |
| 610 | 2 | 0 | |a vzťahy pracovnoprávne |
| 610 | 2 | 0 | |a výpoveď |
| 610 | 2 | 0 | |a doba skúšobná |
| 100 | 1 | |a Mičudová, Tatiana | |